000 00841nam a2200241 a 4500
001 000026601
003 DO-SdBNP
005 20240927073748.0
007 ta
008 110323s2000 dr ac 000 0 spa d
040 _aDO-SdBNP
_bspa
_cBNPHU
082 4 _a923.17293
_bB171A
_222
100 1 _aAndúnjar Carbonell, Sócrate
_d1954-
_953706
245 1 0 _aJoaquín Balaguer :
_b... el gobernante ... un hombre para estas horas /
_cSócrate Andújar Carbonell.
260 _aSanto Domingo :
_bImpresora Conadex,.
300 _a262 p. :
_bil., retrs. ;
_c21 cm.
500 _aIncluye datos biográficos del autor en las solapas
590 _aInventariado, 2019/MFF
600 1 0 _a Balaguer, Joaquín,
_d1906-2002
_976556
650 1 4 _aPresidentes
_zRepública Dominicana
_9599
910 _aValidado. Control de calidad MFF
942 _2ddc
_cLBS1
999 _c26093
_d26093